=LDR 00000nam 2200000 4500 =001 INLIS000000000029810 =005 20130612132019 =008 ***********************************Ind** =035 ##$$0010-061300000029810 =041 ##$$a Ind =082 ##$$a 574.8 =090 ##$$a 574.8, Sya b =100 ##$$a Syamsuri, Istamar =245 ##$$a Biologi 2b untuk SMA kelas XI semester 2, istamas Syamsuri...[et.al] ; editor, Retno Widjajanti =260 ##$$a 2006 $b Jakarta =300 ##$$a xiii, 179 hlm, ilus, 25 cm =650 ##$$a Biologi =850 ##$$a NBPNMAT